| 000 | 00550nam a2200169 a 4500 | ||
|---|---|---|---|
| 001 | 000270992 | ||
| 003 | AM-YeHGA | ||
| 005 | 20250618071803.0 | ||
| 008 | 031011s1939 ai 000 | arm d | ||
| 040 | _aAM-YeHGA | ||
| 100 | 1 |
_aԹափալցյան, Քրիստափոր Կնյազի, _d1910-1967 _91150 |
|
| 245 | 1 | 0 |
_aԿյանքի արշալույսը : _bՎեպ / _cՔ. Թափալցյան. |
| 260 |
_aՅերևան : _bՊետհրատ, _c1939. |
||
| 300 |
_a350 էջ ; _c21 սմ. |
||
| 650 | 1 | 4 |
_aՀայ գրականություն _xՎեպ |
| 090 | _c99352 | ||
| 999 |
_c98043 _d98043 |
||